| 000 | 00348 a2200109 4500 | ||
|---|---|---|---|
| 001 | ART_18790 | ||
| 005 | 20260410161920.0 | ||
| 008 | 260409a | ||
| 245 | 1 | 0 | _aProblemas en la aplicación del impuesto al valor agregado |
| 100 | 1 | _aChalupowicz, Israel | |
| 773 | 0 |
_tLa información _g- Tomo XXXVII, Nº 581 (mayo 1978) _wREV14902 |
|
| 999 |
_c27613 _d27613 |
||